header

Fungal infection (Record no. 150823)

MARC details
000 -LEADER
fixed length control field 01132nam a22003014a 4500
082 04 - DEWEY DECIMAL CLASSIFICATION NUMBER
Classification number 616.9/69
100 1# - MAIN ENTRY--AUTHOR NAME
Personal name Richardson, M. D.
245 10 - TITLE STATEMENT
Title Fungal infection
250 ## - EDITION STATEMENT
Edition statement 3rd ed.
260 ## - PUBLICATION, DISTRIBUTION, ETC. (IMPRINT)
Place of publication Malden, Mass. :
Name of publisher Blackwell,
Year of publication 2003.
300 ## - PHYSICAL DESCRIPTION
Number of Pages xxvi, 366 p.
650 #0 - SUBJECT ADDED ENTRY--TOPICAL TERM
Topical Term Mycoses.
700 1# - ADDED ENTRY--PERSONAL NAME
Personal name Warnock, D. W.
856 40 - ELECTRONIC LOCATION AND ACCESS
Uniform Resource Identifier http://site.ebrary.com/lib/rucke/Doc?id=10243497

No items available.

© 2026 Rongo University
Contact us: librarian | system librarian | Rongo university